[Event "Irish Championship 2012"]
[Site "Dublin IRL"]
[Date "2012.07.09"]
[Round "3.6"]
[White "King, Melvyn"]
[Black "Gedvilaite, Monika"]
[Result "0-1"]
[WhiteElo "1956"]
[BlackElo "1954"]
[WhiteICU "1716"]
[BlackICU "1965"]
[WhiteClub "Malahide"]
[WhiteNationality "IRL"]
[BlackNationality "IRL"]
[WhiteFideId "2503379"]
[BlackFideId "12809780"]
[PlyCount "80"]
[EventDate "2012.07.07"]
[Source "Tournament web site"]

{ Event information: <a
href="https://www.irlchess.com/irlch2012_allfiles/pairings_irlch2012.html">Tournament
report</a>. }

1. e4 e5 2. Nf3 Nf6 3. Nc3 Nc6 4. d4 exd4 5. Nxd4 Bb4 6. Nxc6 bxc6 7. Bd3
d5 8. Bd2 O-O 9. O-O Bxc3 10. Bxc3 Nxe4 11. Bxe4 dxe4 12. Qxd8 Rxd8 13.
Rfe1 Bf5 14. Rad1 Rd5 15. Rxd5 cxd5 16. Bd4 a6 17. h3 h5 18. Re3 Rb8 19.
Ra3 c5 20. Bxc5 Rxb2 21. Rxa6 Rxc2 22. Be3 Rc4 23. Ra5 Be6 24. Rc5 Ra4 25.
Rc2 d4 26. Bf4 Rxa2 27. Rxa2 Bxa2 28. Kf1 f6 29. h4 Kf7 30. Ke2 Bc4+ 31.
Kd2 Ke6 32. Ke1 Kf5 33. g3 g5 34. hxg5 fxg5 35. Bc7 h4 36. gxh4 gxh4 37. f3
e3 38. Bd8 d3 39. Bxh4 d2+ 40. Kd1 Bb3+ 0-1

[Event "Irish Championship 2012"]
[Site "Dublin IRL"]
[Date "2012.07.09"]
[Round "3.7"]
[White "Killane, Jack"]
[Black "O'Rourke, Ray"]
[Result "1-0"]
[WhiteElo "2011"]
[BlackElo "2029"]
[WhiteICU "1794"]
[BlackICU "1883"]
[WhiteClub "Rathmines"]
[BlackClub "Bray/Greystones"]
[WhiteNationality "IRL"]
[BlackNationality "IRL"]
[WhiteFideId "2500949"]
[BlackFideId "2501023"]
[PlyCount "99"]
[EventDate "2012.07.07"]
[Source "Tournament web site"]

{ Event information: <a
href="https://www.irlchess.com/irlch2012_allfiles/pairings_irlch2012.html">Tournament
report</a>. }

1. e4 c5 2. Nf3 d6 3. d4 cxd4 4. Nxd4 Nf6 5. Nc3 a6 6. f4 Qc7 7. Be2 e5 8.
Nb3 b5 9. a3 Bb7 10. Bf3 Qb6 11. Qe2 Nbd7 12. Be3 Qc7 13. O-O Be7 14. Rac1
O-O 15. f5 Nc5 16. Nd2 d5 17. exd5 Rad8 18. Kh1 Nxd5 19. Nxd5 Bxd5 20. Bxd5
Rxd5 21. f6 gxf6 22. Bh6 Qd7 23. b4 Rxd2 24. Bxd2 Ne6 25. Be3 a5 26. Bh6
Rb8 27. Qg4+ Kh8 28. Bg7+ Kg8 29. Bxf6+ Kf8 30. Bxe5 Rc8 31. Rcd1 Qc6 32.
Qf5 Ng5 33. h4 Qxc2 34. hxg5 Qxf5 35. Rxf5 axb4 36. axb4 Bxb4 37. Bd6+ Bxd6
38. Rxd6 Kg8 39. Rb6 Kg7 40. Rfxb5 Rc7 41. Rb7 Rc8 42. Kh2 Kg6 43. R7b6+
Kg7 44. Rf5 Rc7 45. Kh3 Re7 46. Rf4 Re8 47. Rb7 Rf8 48. Kg4 Kg6 49. Rf6+
Kg7 50. Kh5 1-0

[Event "Irish Championship 2012"]
[Site "Dublin IRL"]
[Date "2012.07.10"]
[Round "4.1"]
[White "Fitzsimons, David"]
[Black "Brady, Stephen"]
[Result "1-0"]
[BlackTitle "FM"]
[WhiteElo "2293"]
[BlackElo "2368"]
[WhiteICU "2258"]
[BlackICU "2372"]
[WhiteClub "Elm Mount"]
[BlackClub "Phibsboro"]
[WhiteNationality "IRL"]
[BlackNationality "IRL"]
[WhiteFideId "2501961"]
[BlackFideId "2500124"]
[PlyCount "71"]
[EventDate "2012.07.07"]
[Source "Tournament web site"]

{ Event information: <a
href="https://www.irlchess.com/irlch2012_allfiles/pairings_irlch2012.html">Tournament
report</a>. } { Other information: Video: <a
href="https://www.youtube.com/watch?v=hKXWGWRb58s">Part 1</a> (1m. 28s.)
(after 16... bxc6) and <a
href="https://www.youtube.com/watch?v=Nkz-vlPdBCk">part 2</a> (5m., 3s.)
(after 24. Qxd4, 24... Nxd5, 25. Nxd5, 25... Rxe2, 26. Bxa7, 26... Re1+,
27. Bf1, 31... Bxf1, 32. Kxf1, 32... Qf5, and 33. Ne3), Colm Daly, YouTube,
July 11, 2011. }

1. e4 e6 2. d4 d5 3. Nc3 Bb4 4. Ne2 Nc6 5. a3 Ba5 6. b4 Bb6 7. Bb2 Nge7 8.
g3 O-O 9. Bg2 a5 10. b5 Na7 11. O-O c6 12. a4 Bd7 13. Qd3 Re8 14. Ba3 Rc8
15. Rfd1 Qc7 16. bxc6 bxc6 17. Rab1 Rb8 18. Rb3 Qc8 19. Rdb1 Bc7 20. Bc5
Rxb3 21. Rxb3 Bb8 22. Bb6 e5 23. exd5 exd4 24. Qxd4 Nxd5 25. Nxd5 Rxe2 26.
Bxa7 Re1+ 27. Bf1 Bh3 28. Ne3 Bc7 29. Rd3 h6 30. Rd1 Rxd1 31. Nxd1 Bxf1 32.
Kxf1 Qf5 33. Ne3 Qe6 34. Bb6 Bxb6 35. Qxb6 Qe4 36. Qd8+ 1-0

[Event "Irish Championship 2012"]
[Site "Dublin IRL"]
[Date "2012.07.10"]
[Round "4.2"]
[White "Gedvilaite, Monika"]
[Black "Redmond, John P."]
[Result "0-1"]
[WhiteElo "1954"]
[BlackElo "2234"]
[WhiteICU "1965"]
[BlackICU "2163"]
[BlackClub "Atticus ENG"]
[WhiteNationality "IRL"]
[BlackNationality "IRL"]
[WhiteFideId "12809780"]
[BlackFideId "2500051"]
[PlyCount "54"]
[EventDate "2012.07.07"]
[Source "Tournament web site"]

{ Event information: <a
href="https://www.irlchess.com/irlch2012_allfiles/pairings_irlch2012.html">Tournament
report</a>. }

1. e4 e6 2. d4 d5 3. exd5 exd5 4. Bd3 c5 5. dxc5 Bxc5 6. Nf3 Nf6 7. Qe2+
Be7 8. O-O O-O 9. Bf4 Re8 10. Qd2 Nc6 11. c3 Be6 12. Ng5 Bg4 13. Qc2 g6 14.
f3 Bd7 15. g4 Rc8 16. a3 Nh5 17. Nh3 Nxf4 18. Nxf4 Bg5 19. Ng2 Ne5 20. Be2
d4 21. f4 d3 22. Bxd3 Nxd3 23. Qxd3 Qb6+ 24. Rf2 Bb5 25. Qg3 Rcd8 26. h3
Rd3 27. Qxd3 Bxd3 0-1

[Event "Irish Championship 2012"]
[Site "Dublin IRL"]
[Date "2012.07.10"]
[Round "4.4"]
[White "O'Connell, Gerard"]
[Black "Cafolla, Peter"]
[Result "1-0"]
[WhiteElo "2140"]
[BlackElo "1995"]
[WhiteICU "2106"]
[BlackICU "1914"]
[WhiteClub "St. Benildus"]
[WhiteNationality "IRL"]
[BlackNationality "IRL"]
[WhiteFideId "2500493"]
[BlackFideId "2500884"]
[PlyCount "57"]
[EventDate "2012.07.07"]
[Source "Tournament web site"]

{ Event information: <a
href="https://www.irlchess.com/irlch2012_allfiles/pairings_irlch2012.html">Tournament
report</a>. }

1. d4 d5 2. c4 e6 3. Nc3 c5 4. cxd5 exd5 5. Nf3 Nc6 6. g3 Nf6 7. Bg2 Be7 8.
O-O O-O 9. Bg5 cxd4 10. Nxd4 h6 11. Be3 Re8 12. Rc1 Bg4 13. h3 Be6 14. Qa4
Na5 15. Rfd1 Rc8 16. Nxe6 fxe6 17. Nxd5 Nxd5 18. Bxd5 Rxc1 19. Bxe6+ Kf8
20. Rxc1 Nc6 21. Qf4+ Bf6 22. Bc5+ Ne7 23. Bb3 b5 24. Qf5 Qd2 25. Qe6 Qxc1+
26. Kg2 Qc4 27. Bxc4 bxc4 28. Qxc4 Bxb2 29. Bxa7 1-0

[Event "Irish Championship 2012"]
[Site "Dublin IRL"]
[Date "2012.07.10"]
[Round "4.5"]
[White "Daly, Colm"]
[Black "Courtney, John"]
[Result "1-0"]
[WhiteTitle "FM"]
[WhiteElo "2327"]
[BlackElo "1962"]
[WhiteICU "2280"]
[BlackICU "1849"]
[WhiteClub "Bray/Greystones"]
[BlackClub "Kilkenny"]
[WhiteNationality "IRL"]
[BlackNationality "IRL"]
[WhiteFideId "2500434"]
[BlackFideId "2502380"]
[PlyCount "55"]
[EventDate "2012.07.07"]
[Source "Tournament web site"]

{ Event information: <a
href="https://www.irlchess.com/irlch2012_allfiles/pairings_irlch2012.html">Tournament
report</a>. }

1. e4 c5 2. Nf3 d6 3. d4 cxd4 4. Nxd4 Nf6 5. Nc3 a6 6. Be2 e6 7. O-O Be7 8.
a4 Nc6 9. Nb3 b6 10. f4 Bb7 11. Kh1 Qc7 12. Bf3 O-O 13. g4 Rfe8 14. g5 Nd7
15. Bg2 g6 16. f5 gxf5 17. exf5 Nce5 18. Qe2 Bxg2+ 19. Qxg2 Qc6 20. Ne4 Nc5
21. Nbxc5 bxc5 22. b3 Kh8 23. Bb2 Bxg5 24. Rad1 f6 25. Rxd6 Qb7 26. fxe6
Rg8 27. Bxe5 fxe5 28. Rd7 1-0

[Event "Irish Championship 2012"]
[Site "Dublin IRL"]
[Date "2012.07.10"]
[Round "4.6"]
[White "Freeman, Gordon"]
[Black "Killane, Jack"]
[Result "0-1"]
[WhiteElo "2140"]
[BlackElo "2011"]
[WhiteICU "2107"]
[BlackICU "1794"]
[WhiteClub "Gonzaga"]
[BlackClub "Rathmines"]
[WhiteNationality "IRL"]
[BlackNationality "IRL"]
[WhiteFideId "2501309"]
[BlackFideId "2500949"]
[PlyCount "72"]
[EventDate "2012.07.07"]
[Source "Tournament web site"]

{ Event information: <a
href="https://www.irlchess.com/irlch2012_allfiles/pairings_irlch2012.html">Tournament
report</a>. }

1. Nf3 f5 2. d3 Nf6 3. Nc3 d6 4. g3 e5 5. Bg2 Be7 6. O-O O-O 7. e3 Nc6 8.
Qe2 Qe8 9. Bd2 Qh5 10. Ne1 Qg6 11. Nd5 Nxd5 12. Bxd5+ Kh8 13. f4 Be6 14.
Bxe6 Qxe6 15. Nf3 Rae8 16. Qg2 Bf6 17. c4 e4 18. dxe4 fxe4 19. Ng5 Bxg5 20.
fxg5 Qxc4 21. Rf4 Rxf4 22. gxf4 Qe6 23. Bc3 Ne7 24. Kf2 Nf5 25. b3 d5 26.
Be5 c5 27. Qh1 Nh4 28. Rg1 Kg8 29. Rg3 Rf8 30. Qa1 Rf7 31. Qc3 Nf5 32. Rg1
b6 33. Ke1 Nh4 34. Ke2 Nf3 35. Rd1 Qg4 36. Rf1 Nxe5+ 0-1

[Event "Irish Championship 2012"]
[Site "Dublin IRL"]
[Date "2012.07.10"]
[Round "4.7"]
[White "O'Rourke, Ray"]
[Black "King, Melvyn"]
[Result "1-0"]
[WhiteElo "2029"]
[BlackElo "1956"]
[WhiteICU "1883"]
[BlackICU "1716"]
[WhiteClub "Bray/Greystones"]
[BlackClub "Malahide"]
[WhiteNationality "IRL"]
[BlackNationality "IRL"]
[WhiteFideId "2501023"]
[BlackFideId "2503379"]
[PlyCount "49"]
[EventDate "2012.07.07"]
[Source "Tournament web site"]

{ Event information: <a
href="https://www.irlchess.com/irlch2012_allfiles/pairings_irlch2012.html">Tournament
report</a>. }

1. e4 c6 2. d4 d5 3. e5 c5 4. c3 Nc6 5. Nf3 Bg4 6. Bb5 a6 7. Bxc6+ bxc6 8.
dxc5 e6 9. Qa4 Bxf3 10. Qxc6+ Ke7 11. Qb7+ Ke8 12. gxf3 Ne7 13. Bg5 h6 14.
Bxe7 Bxe7 15. Qc6+ Kf8 16. b4 Kg8 17. O-O Bd6 18. cxd6 Qg5+ 19. Kh1 Qf4 20.
Nd2 Qxd2 21. Qxa8+ Kh7 22. Qa7 Qxc3 23. Qe3 Qxb4 24. Qd3+ g6 25. Rab1 1-0

[Event "Irish Championship 2012"]
[Site "Dublin IRL"]
[Date "2012.07.11"]
[Round "5.1"]
[White "Redmond, John P."]
[Black "Fitzsimons, David"]
[Result "1-0"]
[WhiteElo "2234"]
[BlackElo "2293"]
[WhiteICU "2163"]
[BlackICU "2258"]
[WhiteClub "Atticus ENG"]
[BlackClub "Elm Mount"]
[WhiteNationality "IRL"]
[BlackNationality "IRL"]
[WhiteFideId "2500051"]
[BlackFideId "2501961"]
[PlyCount "79"]
[EventDate "2012.07.07"]
[Source "Tournament web site"]

{ Event information: <a
href="https://www.irlchess.com/irlch2012_allfiles/pairings_irlch2012.html">Tournament
report</a>. }

1. Nf3 c5 2. c4 Nc6 3. Nc3 g6 4. g3 Bg7 5. Bg2 d6 6. O-O Bf5 7. d3 Qd7 8.
Bd2 Bh3 9. Bxh3 Qxh3 10. Nd5 Rc8 11. Qb3 Qd7 12. Bc3 Nd4 13. Bxd4 cxd4 14.
Qa3 b6 15. Nb4 Nh6 16. Nc2 Nf5 17. b3 O-O 18. Qb4 b5 19. Rab1 Rb8 20. Qa3
Rfc8 21. Nb4 Rb7 22. Rfc1 h5 23. cxb5 Rxb5 24. Rxc8+ Qxc8 25. Rc1 Rc5 26.
Rc4 d5 27. Nxd5 Rxc4 28. bxc4 e6 29. Ne7+ Nxe7 30. Qxe7 e5 31. Ng5 Qf5 32.
h4 Bh6 33. Ne4 Kg7 34. c5 Qg4 35. Qxe5+ Kf8 36. Qd6+ Kg7 37. Qe5+ Kf8 38.
Qd6+ Kg7 39. Qxd4+ Kf8 40. Qh8+ 1-0

[Event "Irish Championship 2012"]
[Site "Dublin IRL"]
[Date "2012.07.11"]
[Round "5.2"]
[White "Brady, Stephen"]
[Black "Firstov, Juri"]
[Result "1-0"]
[WhiteTitle "FM"]
[WhiteElo "2368"]
[BlackElo "2247"]
[WhiteICU "2372"]
[BlackICU "2218"]
[WhiteClub "Phibsboro"]
[BlackClub "Phibsboro"]
[WhiteNationality "IRL"]
[BlackNationality "EST"]
[WhiteFideId "2500124"]
[BlackFideId "4501233"]
[PlyCount "117"]
[EventDate "2012.07.07"]
[Source "Tournament web site"]

{ Event information: <a
href="https://www.irlchess.com/irlch2012_allfiles/pairings_irlch2012.html">Tournament
report</a>. }

1. e4 c6 2. d4 g6 3. Nc3 d5 4. Nf3 Nh6 5. Bf4 dxe4 6. Nxe4 Qa5+ 7. Ned2 Bg7
8. Bc4 O-O 9. O-O Bg4 10. h3 Bxf3 11. Nxf3 Nf5 12. c3 Nd7 13. Re1 e6 14. a4
Qd8 15. Qb3 b6 16. Ba6 Qe7 17. Rad1 Nd6 18. Qa3 Nf5 19. Qxe7 Nxe7 20. Bb7
Rae8 21. Bd6 Nb8 22. a5 Bf6 23. Nd2 Rd8 24. Ne4 Kg7 25. Bg3 Rd7 26. a6 Rfd8
27. Nxf6 Kxf6 28. Be5+ Kg5 29. Rd3 h5 30. Rf3 Nf5 31. Bf4+ Kf6 32. Bxb8
Rxb8 33. g4 hxg4 34. hxg4 Rc7 35. gxf5 gxf5 36. Rh3 Ke7 37. f4 Kd6 38. Kf2
Rd7 39. Rh7 Rg8 40. b4 b5 41. Rg1 Rf8 42. Ke3 Kd5 43. Kd3 Rc7 44. Rg3 Rd7
45. Rg5 Kd6 46. Rh6 Kc7 47. Ke3 Rdd8 48. Kf3 Rh8 49. Rgh5 Rxh6 50. Rxh6 Kd6
51. Rh7 Rf8 52. Ke3 Kd5 53. Kd3 Kd6 54. c4 bxc4+ 55. Kxc4 f6 56. Rh6 Rf7
57. Rh8 e5 58. dxe5+ fxe5 59. Rh6+ 1-0

[Event "Irish Championship 2012"]
[Site "Dublin IRL"]
[Date "2012.07.11"]
[Round "5.3"]
[White "O'Connell, Gerard"]
[Black "Daly, Colm"]
[Result "0-1"]
[BlackTitle "FM"]
[WhiteElo "2140"]
[BlackElo "2327"]
[WhiteICU "2106"]
[BlackICU "2280"]
[WhiteClub "St. Benildus"]
[BlackClub "Bray/Greystones"]
[WhiteNationality "IRL"]
[BlackNationality "IRL"]
[WhiteFideId "2500493"]
[BlackFideId "2500434"]
[PlyCount "74"]
[EventDate "2012.07.07"]
[Source "Tournament web site"]

{ Event information: <a
href="https://www.irlchess.com/irlch2012_allfiles/pairings_irlch2012.html">Tournament
report</a>. }

1. d4 d6 2. Nf3 g6 3. c4 Bg4 4. e3 Bg7 5. Be2 Nf6 6. Nc3 O-O 7. O-O c6 8.
b4 e5 9. Bb2 e4 10. Nd2 Bxe2 11. Qxe2 Re8 12. f3 exf3 13. Rxf3 c5 14. Raf1
Nc6 15. dxc5 Nd4 16. Qf2 Nxf3+ 17. Qxf3 Rf8 18. Nd5 Nxd5 19. Bxg7 Kxg7 20.
cxd5 a5 21. a3 axb4 22. axb4 dxc5 23. bxc5 Ra5 24. Ne4 Qxd5 25. Qf6+ Kg8
26. Qe7 Qe6 27. Qxb7 f5 28. Qxh7+ Kxh7 29. Ng5+ Kh6 30. Nxe6 Re8 31. Nd4
Rxc5 32. Rf3 Rc3 33. Kf2 Rd3 34. Ne2 Rd2 35. Rh3+ Kg7 36. Rg3 Ra8 37. e4 f4
0-1

[Event "Irish Championship 2012"]
[Site "Dublin IRL"]
[Date "2012.07.11"]
[Round "5.4"]
[White "Cafolla, Peter"]
[Black "Gedvilaite, Monika"]
[Result "1-0"]
[WhiteElo "1995"]
[BlackElo "1954"]
[WhiteICU "1914"]
[BlackICU "1965"]
[WhiteNationality "IRL"]
[BlackNationality "IRL"]
[WhiteFideId "2500884"]
[BlackFideId "12809780"]
[PlyCount "77"]
[EventDate "2012.07.07"]
[Source "Tournament web site"]

{ Event information: <a
href="https://www.irlchess.com/irlch2012_allfiles/pairings_irlch2012.html">Tournament
report</a>. }

1. d4 Nf6 2. c4 g6 3. Nc3 Bg7 4. e4 d6 5. Be2 O-O 6. Nf3 Nbd7 7. Bg5 h6 8.
Bh4 c5 9. d5 Ng4 10. h3 Nge5 11. Nd2 g5 12. Bg3 Ng6 13. Qc2 Nde5 14. Nf3
Nxf3+ 15. Bxf3 f5 16. exf5 Bxf5 17. Be4 Bxe4 18. Qxe4 Bxc3+ 19. bxc3 Kg7
20. h4 gxh4 21. Bh2 Qa5 22. Qe3 Qa4 23. Qd3 Rae8 24. O-O Qd7 25. Rae1 Qg4
26. Re4 Nf4 27. Bxf4 Rxf4 28. Rfe1 h3 29. g3 Rxe4 30. Rxe4 Qg5 31. Qe2 h5
32. Kh2 Kf7 33. Qf3+ Kg7 34. Qe2 Kf7 35. Rf4+ Kg7 36. Qf3 Qg6 37. Rf5 Rh8
38. Qf4 Qh6 39. Rg5+ 1-0

[Event "Irish Championship 2012"]
[Site "Dublin IRL"]
[Date "2012.07.11"]
[Round "5.5"]
[White "Janusaitis, Mindaugas"]
[Black "Killane, Jack"]
[Result "0-1"]
[WhiteElo "2002"]
[BlackElo "2011"]
[WhiteICU "1948"]
[BlackICU "1794"]
[WhiteClub "Rathmines"]
[BlackClub "Rathmines"]
[WhiteNationality "LTU"]
[BlackNationality "IRL"]
[WhiteFideId "12802530"]
[BlackFideId "2500949"]
[PlyCount "82"]
[EventDate "2012.07.07"]
[Source "Tournament web site"]

{ Event information: <a
href="https://www.irlchess.com/irlch2012_allfiles/pairings_irlch2012.html">Tournament
report</a>. }

1. e4 c5 2. Nf3 d6 3. d4 cxd4 4. Nxd4 Nf6 5. Nc3 g6 6. Be3 Bg7 7. f3 O-O 8.
Qd2 Nc6 9. Bc4 Bd7 10. O-O a6 11. a4 Rc8 12. Nb3 Ne5 13. Be2 Nc4 14. Bxc4
Rxc4 15. a5 Qc8 16. Bh6 Qc6 17. Bxg7 Kxg7 18. Qe3 Rc8 19. Rfd1 Be6 20. Nd4
Qe8 21. Nce2 Bd7 22. b3 R4c5 23. c4 Qd8 24. Qc3 b5 25. axb6 Qxb6 26. Kh1
Kg8 27. Ra3 a5 28. Rda1 a4 29. bxa4 Rxc4 30. a5 Qc5 31. Qd2 e5 32. Nb3 Qb5
33. Rc1 Be6 34. Rxc4 Bxc4 35. Nc3 Qb4 36. Qb2 Ba6 37. Ra4 Qxc3 38. Qxc3
Rxc3 39. Rb4 Bc4 40. a6 Bxa6 41. h3 Rc2 0-1

[Event "Irish Championship 2012"]
[Site "Dublin IRL"]
[Date "2012.07.11"]
[Round "5.6"]
[White "O'Rourke, Ray"]
[Black "Freeman, Gordon"]
[Result "1/2-1/2"]
[WhiteElo "2029"]
[BlackElo "2140"]
[WhiteICU "1883"]
[BlackICU "2107"]
[WhiteClub "Bray/Greystones"]
[BlackClub "Gonzaga"]
[WhiteNationality "IRL"]
[BlackNationality "IRL"]
[WhiteFideId "2501023"]
[BlackFideId "2501309"]
[PlyCount "119"]
[EventDate "2012.07.07"]
[Source "Tournament web site"]

{ Event information: <a
href="https://www.irlchess.com/irlch2012_allfiles/pairings_irlch2012.html">Tournament
report</a>. }

1. e4 e5 2. Nf3 Nc6 3. Bb5 Nf6 4. O-O Bc5 5. d3 d6 6. h3 Bd7 7. Nc3 Qe7 8.
Bg5 Qf8 9. Bxf6 gxf6 10. Nd5 O-O-O 11. b4 Rg8 12. bxc5 Bxh3 13. g3 h5 14.
Bxc6 bxc6 15. Ne3 Qh6 16. Kh2 Bxf1 17. Qxf1 Kb8 18. Nf5 Qf8 19. d4 Ka8 20.
Qa6 Qe8 21. Rb1 Rb8 22. Rxb8+ Qxb8 23. Qxc6+ Qb7 24. Qxb7+ Kxb7 25. cxd6
cxd6 26. Nxd6+ Kc6 27. dxe5 fxe5 28. Nxf7 Rb8 29. N3xe5+ Kc7 30. Nd3 Rb6
31. f4 Ra6 32. Nb4 Ra4 33. c3 a5 34. Nd5+ Kc6 35. Ne5+ Kc5 36. Nd3+ Kd6 37.
Nf6 Rxa2+ 38. Kh3 a4 39. e5+ Ke6 40. Nc5+ Kf5 41. Nxh5 a3 42. g4+ Kg6 43.
f5+ Kg5 44. f6 Rf2 45. Ne4+ Kg6 46. Nxf2 a2 47. Nf4+ Kh7 48. g5 a1=Q 49.
g6+ Kh6 50. f7 Qxc3+ 51. Kg4 Qc8+ 52. e6 Qd8 53. Ne4 Kg7 54. Nh5+ Kxg6 55.
Nf4+ Kg7 56. Ng5 Qd1+ 57. Kf5 Qb1+ 58. Kg4 Qg1+ 59. Kf5 Qb1+ 60. Kg4
1/2-1/2

[Event "Irish Championship 2012"]
[Site "Dublin IRL"]
[Date "2012.07.12"]
[Round "6.2"]
[White "Daly, Colm"]
[Black "Firstov, Juri"]
[Result "0-1"]
[WhiteTitle "FM"]
[WhiteElo "2327"]
[BlackElo "2247"]
[WhiteICU "2280"]
[BlackICU "2218"]
[WhiteClub "Bray/Greystones"]
[BlackClub "Phibsboro"]
[WhiteNationality "IRL"]
[BlackNationality "EST"]
[WhiteFideId "2500434"]
[BlackFideId "4501233"]
[PlyCount "145"]
[EventDate "2012.07.07"]
[Source "Tournament web site"]

{ Event information: <a
href="https://www.irlchess.com/irlch2012_allfiles/pairings_irlch2012.html">Tournament
report</a>. }

1. c4 e6 2. Nf3 b6 3. g3 Bb7 4. Bg2 f5 5. O-O Nf6 6. b3 g6 7. Bb2 Bg7 8.
Nc3 O-O 9. Rc1 Ne4 10. Qc2 d6 11. d4 Nxc3 12. Bxc3 Be4 13. Qd2 Qe7 14. d5
Bxc3 15. Rxc3 Bxf3 16. exf3 e5 17. f4 Nd7 18. fxe5 Nxe5 19. f4 Nd7 20. Re1
Qf7 21. Rce3 Rae8 22. b4 Rxe3 23. Rxe3 Re8 24. Ra3 Ra8 25. Qe3 a6 26. Qe6
Kf8 27. Qxf7+ Kxf7 28. Kf2 a5 29. Bf3 Ra7 30. h3 Rb7 31. c5 dxc5 32. d6 Ra7
33. dxc7 Rxc7 34. bxa5 bxa5 35. Rxa5 c4 36. Ke2 c3 37. Kd1 c2+ 38. Kc1 Rc3
39. Bd5+ Ke7 40. Bb3 Rxg3 41. Kxc2 Rxh3 42. Rb5 Kd6 43. Bg8 Kc6 44. Ra5 Kb6
45. Ra8 Nf6 46. Bb3 Nh5 47. a4 Nxf4 48. a5+ Kb5 49. a6 Re3 50. Bc4+ Kxc4
51. Rc8+ Kd4 52. Rd8+ Nd5 53. a7 Ra3 54. a8=Q Rxa8 55. Rxa8 Ke4 56. Kd2 Nf4
57. Ke1 Kf3 58. Kf1 h5 59. Ra3+ Kg4 60. Kf2 Kg5 61. Kf3 Ne6 62. Ra6 Kf6 63.
Ra3 g5 64. Ra6 h4 65. Ra4 g4+ 66. Rxg4 Ng5+ 67. Kf4 fxg4 68. Kxg4 h3 69.
Kg3 Kf5 70. Kh2 Kg4 71. Kh1 Kg3 72. Kg1 Ne4 73. Kh1 0-1

[Event "Irish Championship 2012"]
[Site "Dublin IRL"]
[Date "2012.07.12"]
[Round "6.3"]
[White "Killane, Jack"]
[Black "Fitzsimons, David"]
[Result "0-1"]
[WhiteElo "2011"]
[BlackElo "2293"]
[WhiteICU "1794"]
[BlackICU "2258"]
[WhiteClub "Rathmines"]
[BlackClub "Elm Mount"]
[WhiteNationality "IRL"]
[BlackNationality "IRL"]
[WhiteFideId "2500949"]
[BlackFideId "2501961"]
[PlyCount "82"]
[EventDate "2012.07.07"]
[Source "Tournament web site"]

{ Event information: <a
href="https://www.irlchess.com/irlch2012_allfiles/pairings_irlch2012.html">Tournament
report</a>. }

1. f4 d6 2. Nf3 Bg4 3. e3 e5 4. Be2 Nd7 5. O-O Ngf6 6. b3 c6 7. Bb2 Qc7 8.
d4 e4 9. Nfd2 Bxe2 10. Qxe2 d5 11. c4 Bb4 12. a3 Bxd2 13. Nxd2 O-O 14. a4
a5 15. Ba3 Rfe8 16. Rac1 Qb6 17. g4 Nf8 18. g5 N6d7 19. f5 c5 20. Bb2 Qd6
21. Qg4 Rad8 22. Rf4 cxd4 23. Bxd4 Ne5 24. Bxe5 Rxe5 25. cxd5 Qxd5 26. Nxe4
Qxb3 27. Re1 Rde8 28. Nf6+ gxf6 29. gxf6+ Ng6 30. fxg6 hxg6 31. e4 Qxa4 32.
Qh4 Qb4 33. Re3 Rh5 34. Qf2 Qd4 35. h4 Rhe5 36. h5 Rxh5 37. e5 Qd5 38. Rh4
Rexe5 39. Rxh5 Rxh5 40. Re8+ Kh7 41. Re7 Rh1# 0-1

[Event "Irish Championship 2012"]
[Site "Dublin IRL"]
[Date "2012.07.12"]
[Round "6.4"]
[White "Courtney, John"]
[Black "O'Connell, Gerard"]
[Result "0-1"]
[WhiteElo "1962"]
[BlackElo "2140"]
[WhiteICU "1849"]
[BlackICU "2106"]
[WhiteClub "Kilkenny"]
[BlackClub "St. Benildus"]
[WhiteNationality "IRL"]
[BlackNationality "IRL"]
[WhiteFideId "2502380"]
[BlackFideId "2500493"]
[PlyCount "74"]
[EventDate "2012.07.07"]
[Source "Tournament web site"]

{ Event information: <a
href="https://www.irlchess.com/irlch2012_allfiles/pairings_irlch2012.html">Tournament
report</a>. }

1. d4 Nf6 2. c4 g6 3. Nc3 d5 4. cxd5 Nxd5 5. Bd2 Nb6 6. Bg5 Bg7 7. Nf3 c5
8. dxc5 Bxc3+ 9. bxc3 Qxd1+ 10. Rxd1 Na4 11. Bh6 Rg8 12. Rc1 Nxc5 13. e3
Bf5 14. Ne5 Nbd7 15. Bb5 a6 16. Bxd7+ Nxd7 17. Nxd7 Kxd7 18. Bf4 f6 19. Ke2
Kc6 20. f3 Be6 21. a3 Bc4+ 22. Kd2 Rad8+ 23. Kc2 e5 24. Bg3 Rd3 25. Rcd1
Rxe3 26. Rhe1 Rxe1 27. Bxe1 g5 28. Rd2 Re8 29. Bf2 f5 30. Be3 f4 31. Bf2
Bf1 32. Bg1 h5 33. Kb3 g4 34. Rf2 Bd3 35. g3 gxf3 36. Rxf3 Be2 37. Rf2 f3
0-1